000 004380000a22001810004500
003 MACL
005 20160124113117.0
008 160124b xxu||||| |||| 00| 0 eng d
040 _aMACL
_cMACL
041 _aEnglish
082 _a641.53/DAL
100 _aDalal, Tarla
_921495
245 _aMocktails & Snacks
260 _bSanjay & Company
_c1995
_aBombay
350 _a160
650 _aFood & Drinks
_96521
942 _cBK
_k641.53
_2ddc
999 _c31747
_d31747